Bílé ptáče /

Hlavní autor: Palacio, R. J.
Další autoři: Greplová, Renata, Palacio, R. J..
Jazyk: Čeština
Vydáno: Praha : Euromedia Group, 2025
Vydání: Vydání první
Edice: Pikola (Euromedia)
Témata:
Fyzický popis: 271 stran : ilustrace ; 20 cm
Knihy
Uloženo v:
LEADER 02334nam a2200673 i 4500
001 nkc20233510689
003 CZ PrNK
005 20250324142355.0
007 ta
008 250225s2025 xr a c 000 f cze
015 |a cnb003510689 
020 |a 978-80-242-9034-8  |q (brožováno) 
035 |a (OCoLC)1514348215 
040 |a ABG001  |b cze  |e rda 
041 1 |a cze  |h eng 
043 |a e-fr--- 
045 |a x3x4 
072 7 |a 821.111(73)-3  |x Americká próza  |2 Konspekt  |9 25 
072 7 |a 821-93  |x Literatura pro děti a mládež (beletrie)  |2 Konspekt  |9 26 
080 |a 821.111(73)-31  |2 MRF 
080 |a 821-93  |2 MRF 
080 |a 323.12"1939/1945"  |2 MRF 
080 |a 94(100)"1939/1945"  |2 MRF 
080 |a (44)  |2 MRF 
080 |a (0:82-311.6)  |2 MRF 
100 1 |a Palacio, R. J.  |7 xx0174935  |4 aut 
240 1 0 |a White bird.  |l Česky 
245 1 0 |a Bílé ptáče /  |c R.J. Palaciová ; přeložila Renata Greplová 
250 |a Vydání první 
264 1 |a Praha :  |b Euromedia Group,  |c 2025 
300 |a 271 stran :  |b ilustrace ;  |c 20 cm 
336 |a text  |b txt  |2 rdacontent 
337 |a bez média  |b n  |2 rdamedia 
338 |a svazek  |b nc  |2 rdacarrier 
490 1 |a Pikola 
500 |a Přeloženo z angličtiny 
500 |a Terminologický slovník 
504 |a Obsahuje bibliografie 
521 1 |a Pro čtenáře od 10 let 
648 7 |a 1939-1945  |7 ch460653  |2 czenas 
650 0 7 |a holocaust (1939-1945)  |7 ph117203  |z Francie  |2 czenas 
650 0 7 |a druhá světová válka (1939-1945)  |7 ph117270  |z Francie  |2 czenas 
650 0 9 |a holocaust (1939-1945)  |z France  |2 eczenas 
650 0 9 |a World War (1939-1945)  |z France  |2 eczenas 
655 7 |a americké romány  |7 fd131796  |2 czenas 
655 7 |a historické romány  |7 fd132414  |2 czenas 
655 7 |a publikace pro mládež  |7 fd133157  |2 czenas 
655 9 |a American fiction  |2 eczenas 
655 9 |a historical novels  |2 eczenas 
655 9 |a juvenile literature  |2 eczenas 
700 1 |a Greplová, Renata  |7 xx0134944  |4 trl 
700 1 |i Volné pokračování knihy:  |a Palacio, R. J..  |t (Ne)obyčejný kluk 
830 0 |a Pikola (Euromedia)  |0 s 
910 2 |a BOA001  |b 1-1542.047 
920 |a 5073913  |z ABG001 
990 |a BK 
995 |a 01 
991 |b 202503  |c NOV 
996 6 |b 2610995958  |c 1-1542.047  |l MZK  |r Sklad / do 1 hodiny  |n 0  |p p.v.  |w 001996727  |u 000010  |a 1  |e BOA001  |j MZK50  |s P